Регионална библиотека "Любен Каравелов" - Русе

Една много страшна история (Запис номер 119559)

MARC детайли
000 -Лидер
Контролно поле с фиксирана дължина nam a22 a 4500
003 - Код на организацията, давaща контролен номер
Контролно поле BLK
005 - Дата и час на последна редакция
Контролно поле 20221024090253.0
008 - Елементи от данни с фиксирана дължина
fixed length control field 180409b bul|||||r ||||||| ||bul||
010 ## - Наследен системен номер
LC control number KNG00125174000
040 ## - Източник на каталожния запис
Идентификатор на билиотеката - собственик на записа BLK
041 ## - Код за език
Код за езика на текст/звукозапис или на отделно заглавие Български
Код за езика КДБФ Български
080 ## - УДК
Текстов определител УДК Руска литература
УДК код - определител по УДК 821.161.1
УДК определител -32
УДК - код + определител 821.161.1-32
100 1# - Редна дума - Автор
Автор Алексин, Анатолий
Авторска отговорност първи автор
R(LIN) 316226
139 ## - Редно поле
Редна дума Алексин, Анатолий
Авторски знак Алекси - А 52
245 10 - Сведения за заглавието
Заглавие Една много страшна история
Подзаглавни данни Повести
Редно поле (дума) Анатолий Алексин; прев. от рус. Савка Чехларова; прев. от рус. Маргарита Митовска.
257 ## - Страна на издаване
Страна на създаване/издаване СССР
260 ## - Област на издателските данни
Име на издателя, разпространителя и проч. Нар. младеж
Година на издаване 1976
Място на издаване, разпространение и проч. София
300 ## - Физическа характеристика
Страници 303 с.
Размери/Мащаб 20 см
380 ## - Жанр
Жанр Детска худож. лит.
490 ## - СЕРИИ (Колекции)
Име на серия Библиотека Аврора
9 (RLIN) 205340
490 ## - СЕРИИ (Колекции)
Име на серия Съветски писатели за деца и юноши
9 (RLIN) 205341
700 1# - Други автори (авторска отговорност)
Лично име Чехларова, Савка
Автороска отговорност (Описва отношението между автора и произведението) прев. от рус.
9 (RLIN) 316237
700 1# - Други автори (авторска отговорност)
Лично име Митовска, Маргарита
Автороска отговорност (Описва отношението между автора и произведението) прев. от рус.
9 (RLIN) 376762
852 ## - Местоположение
Форматна сигнатура Цб 83359
856 4# - Електронен адрес и достъп
Електронен формат pdf - файл
Инструкция (цена за достъп) 0.00
Права за достъп disable
856 4# - Електронен адрес и достъп
Електронен формат pdf - файл
Инструкция (цена за достъп) 0.00
Права за достъп disable
999 ## - СИСТЕМНИ КОНТРОЛНИ НОМЕРА
Koha biblionumber 119559
Koha biblioitemnumber 119559
942 ## - АРТИКУЛИ
Вид на библиотечния материал Книги
Скрит в OPAC Не
Периодичен библиозапис Да
944 ## - СЪЗДАВАНЕ И РЕДАКЦИЯ на ЗАПИСА
Създаване/Редакция Създаване
Дата на регистрацията/редакция 23.08.2011
Статус, дата на статуса 23.08.2011 - от С1,Р / 23.08.2011
Служител, извършил регистрацията/редакцията Диана_Димитрова
944 ## - СЪЗДАВАНЕ И РЕДАКЦИЯ на ЗАПИСА
Създаване/Редакция Редакция
Дата на регистрацията/редакция 31.10.2011
Статус, дата на статуса 23.08.2011 - от С1,Р / 23.08.2011
999 ## - СИСТЕМНИ КОНТРОЛНИ НОМЕРА
Koha biblioitemnumber 119559
Наличности
Код за отписване Код за изгубен артикул Източник на класификационната схема Код за повреда Коз за рестрикции Код за отдаване Артикулен № Име на библиотеката - собственик Име на библиотеката, в която се намира в момента Статус (Текущо местоположение) Дата на вписване в системата Местоположение - отдел Цена в лева Инвентарен номер Систематично азбучна сигнатура Баркод Номер на екземпляра Цена в евро Служебна бележка Служебен тип на артикула
  Не е изгубен Universal Decimal Classification Не е повреден само за читалня ползва се в читалня 192877 Регионална библиотека "Любен Каравелов" Русе Регионална библиотека "Любен Каравелов" Русе Хранилище 1976-01-01 Хранилище 0.77 216562 Цб 83359 120000216562 1 0.39 Дост: Dp Вид: Д N: стар фонд Дата: 01.01.1976 Книги
Изтеглен Не е изгубен Universal Decimal Classification Не е повреден без рестрикции заемане за дома 192878 Регионална библиотека "Любен Каравелов" Русе Регионална библиотека "Любен Каравелов" Русе Заемна - подръчен фонд 1976-01-01 Заемна - подръчен фонд 0.77 216746 П 882-32/А 52 216746 2 0.39 Дост: Pk Вид: Ф N: стар фонд Дата: 01.01.1976 Дата инв: 09.02.2018 Бележки инв: П2018 Книги
Изтеглен Не е изгубен Universal Decimal Classification Не е повреден без рестрикции заемане за дома 192879 Регионална библиотека "Любен Каравелов" Русе Регионална библиотека "Любен Каравелов" Русе Заемна - подръчен фонд 1976-01-01 Заемна - подръчен фонд 0.00 216750 П 882-32/А 52 216750 3 0.00 Дост: Pk Вид: Ф N: стар фонд Дата: 01.01.1976 Книги
Изтеглен Не е изгубен Universal Decimal Classification Не е повреден без рестрикции заемане за дома 192880 Регионална библиотека "Любен Каравелов" Русе Регионална библиотека "Любен Каравелов" Русе Заемна - подръчен фонд 1976-01-01 Заемна - подръчен фонд 0.00 216751 П 882-32/А 52 216751 4 0.00 Дост: Pk Вид: Ф N: стар фонд Дата: 01.01.1976 Книги
Изтеглен Не е изгубен Universal Decimal Classification Не е повреден без рестрикции заемане за дома 192881 Регионална библиотека "Любен Каравелов" Русе Регионална библиотека "Любен Каравелов" Русе Детски отдел 1976-01-01 Детски отдел 0.77 216847 ДХ 820/899/А 52 216847 5 0.39 Дост: Pk Вид: Ф N: стар фонд Дата: 01.01.1976 Дата инв: 07.09.2015 Бележки инв: Д2015 Книги
Vip Innovations Ltd, Rousse, Bulgaria 2025